Movies Quiz

Random Movies or Actor Quiz

What Movie? Actors' Films by Initials Quiz Stats

Quiz Updated Oct 19, 2016

Challenge
Share
Tweet
Embed
Score 0/36 Timer 09:00
7 Plays Today
Hint Answer % Correct
Matthew McConaugheyDallas Buyers Club
62.6%
Bradley CooperSilver Linings Playbook
62.6%
Tom HanksSleepless in Seattle
57.5%
Tom HanksCatch Me If You Can
56.3%
Jack NicholsonAs Good as It Gets
52%
Tom HanksThe Da Vinci Code
49.8%
Matthew McConaugheyDazed and Confused
44.2%
Bradley CooperLimitless
43.2%
Tom CruiseJack Reacher
43%
Johnny DeppAlice in Wonderland
42.7%
Matthew McConaugheyMagic Mike
37.2%
Matthew McConaugheyThe Wolf of Wall Street
36.8%
Tom HanksThe Green Mile
36.6%
Jack NicholsonChinatown
35.8%
Tom CruiseBorn on the Fourth of July
35.6%
Jake GyllenhaalThe Day After Tomorrow
35.3%
Johnny DeppWhat's Eating Gilbert Grape
32.8%
Jack NicholsonThe Witches of Eastwick
30.1%
Hint Answer % Correct
Edward NortonThe People vs. Larry Flynt
27.6%
Samuel L. JacksonDo the Right Thing
27%
Edward NortonThe Incredible Hulk
26.5%
Tom CruiseEyes Wide Shut
26.4%
Samuel L. JacksonCoach Carter
25.9%
Tom CruiseTropic Thunder
25.8%
Samuel L. JacksonDjango Unchained
23.3%
Edward NortonPrimal Fear
22%
Bradley CooperHe's Just Not That Into You
19.9%
Johnny DeppBlow
19.2%
Samuel L. JacksonBlack Snake Moan
19.2%
Jake GyllenhaalPrince of Persia: The Sands of Time
16.6%
Edward NortonKingdom of Heaven
16.2%
Bradley CooperYes Man
15.6%
Jake GyllenhaalEnd of Watch
14.4%
Jack NicholsonFive Easy Pieces
13.9%
Jake GyllenhaalSource Code
12.4%
Johnny DeppA Nightmare on Elm Street
12.1%

You're not logged in!

Compare scores with friends on all Sporcle quizzes.
Sign Up with Email
OR
Log In

You Might Also Like...

Show Comments

Extras

Top Quizzes Today


Score Distribution

Your Account Isn't Verified!

In order to create a playlist on Sporcle, you need to verify the email address you used during registration. Go to your Sporcle Settings to finish the process.